[Event "Sydney International Open"]
[Site "Parramatta, NSW"]
[Date "2010.04.11"]
[Round "9.26"]
[White "Rachmadi, Herman"]
[Black "Grigg, Sam"]
[Result "0-1"]
[WhiteElo "1823"]
[BlackElo "1979"]
[PlyCount "126"]
[EventDate "2010.04.07"]
[EventType "swiss"]
[EventRounds "9"]
[EventCountry "AUS"]
[SourceDate "2010.04.07"]

1. d4 e6 2. c4 Nf6 3. Nc3 Bb4 4. Qc2 c5 5. e3 Nc6 6. Nf3 d5 7. a3 Bxc3+ 8. bxc3
dxc4 9. Bxc4 Qc7 10. Bd3 O-O 11. O-O e5 12. Bb2 Re8 13. e4 Bg4 14. d5 Na5 15.
Bb5 Red8 16. c4 Bxf3 17. gxf3 Nh5 18. Qc3 f6 19. Bc1 Rab8 20. Bd2 b6 21. Kh1
Nb7 22. Rg1 Nd6 23. a4 Qe7 24. Qd3 Rf8 25. a5 Kh8 26. axb6 axb6 27. Ra6 h6 28.
Bc6 f5 29. Be3 fxe4 30. fxe4 Rf3 31. Qe2 Rbf8 32. Ra8 Kh7 33. Rxf8 Qxf8 34. Bd7
Rf7 35. Be6 Nf4 36. Bxf4 Rxf4 37. f3 g6 38. Qg2 Qf6 39. Ra1 Rxf3 40. Ra7+ Kh8
41. Ra8+ Kg7 42. Bf5 Rxf5 43. exf5 Qxf5 44. Ra7+ Kf6 45. h3 Nxc4 46. Ra8 Qb1+
47. Kh2 Qb2 48. Qxb2 Nxb2 49. Re8 Nc4 50. Re6+ Kf7 51. Rc6 g5 52. Rxh6 Ke7 53.
Rg6 Ne3 54. Re6+ Kd7 55. Rxe5 Nc4 56. Rxg5 b5 57. h4 b4 58. Rg3 Nd2 59. h5 Nf1+
60. Kg2 Nxg3 61. h6 Nh5 62. h7 Nf4+ 63. Kf3 Ng6 0-1

[Event "Sydney International Open"]
[Site "Parramatta, NSW"]
[Date "2010.04.11"]
[Round "9.27"]
[White "Ansell, Alan"]
[Black "Deen Cowell, Nicholas Andrew"]
[Result "1/2-1/2"]
[WhiteElo "1968"]
[BlackElo "1896"]
[PlyCount "36"]
[EventDate "2010.04.07"]
[EventType "swiss"]
[EventRounds "9"]
[EventCountry "AUS"]
[SourceDate "2010.04.07"]

1. d4 Nf6 2. Nf3 g6 3. Nc3 d5 4. Bf4 Bg7 5. e3 Bg4 6. Be2 c6 7. Ne5 Bxe2 8.
Qxe2 Nh5 9. Qf3 Nxf4 10. exf4 O-O 11. O-O Nd7 12. Ne2 f6 13. Nd3 e5 14. Qh3 Qe7
15. f5 Rae8 16. Rae1 gxf5 17. Qxf5 Qe6 18. Ng3 Qxf5 1/2-1/2

[Event "Sydney International Open"]
[Site "Parramatta, NSW"]
[Date "2010.04.11"]
[Round "9.28"]
[White "Tan, Kevin"]
[Black "Milligan, Helen"]
[Result "1-0"]
[WhiteElo "1882"]
[BlackElo "2016"]
[PlyCount "101"]
[EventDate "2010.04.07"]
[EventType "swiss"]
[EventRounds "9"]
[EventCountry "AUS"]
[SourceDate "2010.04.07"]

1. e4 e5 2. Nf3 Nc6 3. d4 exd4 4. Bc4 Nf6 5. e5 Ne4 6. Qe2 Nc5 7. c3 d3 8. Bxd3
Nxd3+ 9. Qxd3 d5 10. O-O Be7 11. Nbd2 O-O 12. Nb3 Be6 13. Nbd4 Nxd4 14. cxd4
Qd7 15. Bg5 h6 16. Bxe7 Qxe7 17. Nd2 Qd7 18. f4 Bf5 19. Qf3 Rfd8 20. h3 Be4 21.
Qe3 b6 22. b4 a5 23. a3 axb4 24. axb4 Rxa1 25. Rxa1 Qc6 26. g4 Ra8 27. Rxa8+
Qxa8 28. Nxe4 dxe4 29. f5 Qa1+ 30. Kg2 Qb2+ 31. Kg3 Qxb4 32. Qxe4 Qc3+ 33. Kf4
Qc1+ 34. Qe3 Qxe3+ 35. Kxe3 c6 36. d5 c5 37. d6 Kf8 38. e6 fxe6 39. fxe6 c4 40.
Kd4 b5 41. Kc5 c3 42. Kc6 c2 43. Kd7 c1=Q 44. e7+ Kg8 45. e8=Q+ Kh7 46. Qe4+
Kh8 47. Ke7 Qg5+ 48. Ke8 b4 49. d7 Qb5 50. Qe7 b3 51. Kf8 1-0

[Event "Sydney International Open"]
[Site "Parramatta, NSW"]
[Date "2010.04.11"]
[Round "9.29"]
[White "Kumar, Manoj"]
[Black "Holland, Dennis"]
[Result "1/2-1/2"]
[WhiteElo "2040"]
[BlackElo "1944"]
[PlyCount "21"]
[EventDate "2010.04.07"]
[EventType "swiss"]
[EventRounds "9"]
[EventCountry "AUS"]
[SourceDate "2010.04.07"]

1. e4 e6 2. d4 d5 3. Nd2 dxe4 4. Nxe4 Nd7 5. Nf3 Be7 6. Bd3 Ngf6 7. O-O O-O 8.
Re1 b6 9. Ng3 Bb7 10. Qe2 Re8 11. Ne5 1/2-1/2

[Event "Sydney International Open"]
[Site "Parramatta, NSW"]
[Date "2010.04.11"]
[Round "9.30"]
[White "Ilic, Ilija"]
[Black "Guo, Emma"]
[Result "1/2-1/2"]
[WhiteElo "2009"]
[BlackElo "1941"]
[PlyCount "25"]
[EventDate "2010.04.07"]
[EventType "swiss"]
[EventRounds "9"]
[EventCountry "AUS"]
[SourceDate "2010.04.07"]

1. d4 Nf6 2. Nc3 d5 3. Bf4 e6 4. Qd2 a6 5. f3 c5 6. e3 Nc6 7. Nge2 c4 8. a3 b5
9. g4 Be7 10. Bg2 Nd7 11. O-O O-O 12. Bg3 Bb7 13. e4 1/2-1/2

[Event "Sydney International Open"]
[Site "Parramatta, NSW"]
[Date "2010.04.11"]
[Round "9.31"]
[White "Lee, Bryan"]
[Black "Cheung, Benjamin"]
[Result "1-0"]
[WhiteElo "1930"]
[BlackElo "1946"]
[PlyCount "67"]
[EventDate "2010.04.07"]
[EventType "swiss"]
[EventRounds "9"]
[EventCountry "AUS"]
[SourceDate "2010.04.07"]

1. e4 c5 2. Nf3 e6 3. d4 cxd4 4. Nxd4 Nf6 5. Nc3 Nc6 6. Ndb5 Bb4 7. Nd6+ Ke7 8.
Nxc8+ Rxc8 9. Bd3 d5 10. exd5 Qxd5 11. O-O Bxc3 12. bxc3 Rhd8 13. Qe2 Qe5 14.
Rb1 b6 15. Ba3+ Ke8 16. Qf3 Qa5 17. Rb3 Ne5 18. Qg3 Nh5 19. Qh4 Nf6 20. Bb5+
Ned7 21. Qg3 g6 22. Qe5 Rc6 23. Qd4 e5 24. Bxc6 Qxa3 25. Rxa3 exd4 26. cxd4 a5
27. Rf3 Kf8 28. Bxd7 Nxd7 29. Rb1 Rc8 30. c3 f5 31. g3 Rc6 32. g4 Kg7 33. gxf5
gxf5 34. Rb5 1-0

[Event "Sydney International Open"]
[Site "Parramatta, NSW"]
[Date "2010.04.11"]
[Round "9.32"]
[White "Maroroa, Sue"]
[Black "Perera, Pasan"]
[Result "1-0"]
[WhiteElo "1945"]
[BlackElo "1575"]
[PlyCount "63"]
[EventDate "2010.04.07"]
[EventType "swiss"]
[EventRounds "9"]
[EventCountry "AUS"]
[SourceDate "2010.04.07"]

1. e4 e5 2. Nf3 Nc6 3. Bc4 Nf6 4. d3 Bc5 5. h3 h6 6. Nc3 d6 7. a3 a6 8. Qe2 O-O
9. g4 g5 10. Bd2 b5 11. Ba2 Rb8 12. Nd1 Nd4 13. Nxd4 exd4 14. f4 Bb7 15. fxg5
Nxe4 16. dxe4 Bxe4 17. Rf1 d5 18. Qf2 Qe7 19. Qf6 Qxf6 20. Rxf6 hxg5 21. Nf2
Kg7 22. Nxe4 dxe4 23. Bxg5 d3 24. Rc6 Bd4 25. Bh6+ Kg8 26. Bxf8 Kxf8 27. cxd3
exd3 28. Kd2 Bxb2 29. Rf1 Bxa3 30. Rxf7+ Ke8 31. Rg6 Bb4+ 32. Kd1 1-0

[Event "Sydney International Open"]
[Site "Parramatta, NSW"]
[Date "2010.04.11"]
[Round "9.33"]
[White "Goundar, Sanmogam"]
[Black "Bennett, Hilton"]
[Result "0-1"]
[WhiteElo "1929"]
[BlackElo "2001"]
[PlyCount "58"]
[EventDate "2010.04.07"]
[EventType "swiss"]
[EventRounds "9"]
[EventCountry "AUS"]
[SourceDate "2010.04.07"]

1. Nf3 d6 2. g3 g6 3. Bg2 Bg7 4. d4 Nf6 5. c4 O-O 6. O-O Nbd7 7. Nc3 e5 8. dxe5
dxe5 9. Qc2 c6 10. Rb1 Qc7 11. b4 a5 12. a3 axb4 13. axb4 {
White offered a draw.} Nb6 14. Nd2 Rd8 15. c5 Nbd5 16. Nc4 Nxc3 17. Qxc3 Bf5
18. Rb2 Nd5 19. Qe1 e4 20. Rb3 e3 21. Nxe3 Nxe3 22. Bxe3 Ra1 23. Qxa1 Bxa1 24.
Rxa1 Qe5 25. Rba3 Kg7 26. b5 cxb5 27. Bxb7 b4 28. Ra5 b3 29. c6 b2 0-1

[Event "Sydney International Open"]
[Site "Parramatta, NSW"]
[Date "2010.04.11"]
[Round "9.34"]
[White "Descallar, Levi"]
[Black "Buciu, Aurel John"]
[Result "1/2-1/2"]
[WhiteElo "1979"]
[BlackElo "1701"]
[PlyCount "28"]
[EventDate "2010.04.07"]
[EventType "swiss"]
[EventRounds "9"]
[EventCountry "AUS"]
[SourceDate "2010.04.07"]

1. d4 d5 2. Nf3 Bf5 3. Bf4 Nf6 4. e3 e6 5. Be2 Nbd7 6. O-O Be7 7. Ne5 O-O 8. c4
c6 9. Nc3 Ne4 10. Nxe4 Bxe4 11. Nxd7 Qxd7 12. c5 f6 13. b4 a6 14. a4 Bd8
1/2-1/2

[Event "Sydney International Open"]
[Site "Parramatta, NSW"]
[Date "2010.04.11"]
[Round "9.36"]
[White "Christensen, Joshua"]
[Black "Yu, Sally"]
[Result "0-1"]
[WhiteElo "1838"]
[BlackElo "1933"]
[PlyCount "74"]
[EventDate "2010.04.07"]
[EventType "swiss"]
[EventRounds "9"]
[EventCountry "AUS"]
[SourceDate "2010.04.07"]

1. d4 d5 2. c4 e6 3. Nc3 Be7 4. Nf3 Nf6 5. Bg5 O-O 6. e3 Nbd7 7. Rc1 a6 8. cxd5
exd5 9. Bd3 b6 10. O-O Bb7 11. Qc2 Rc8 12. Rfd1 h6 13. Bh4 Ne4 14. Bxe7 Qxe7
15. Bxe4 dxe4 16. Nd2 f5 17. Qb3+ Kh8 18. Nd5 Qd6 19. Nf4 g5 20. Ne2 f4 21.
exf4 gxf4 22. Qh3 Rg8 23. g3 Rg7 24. Nc4 Qf6 25. Ne5 fxg3 26. fxg3 Nxe5 27.
dxe5 Qxe5 28. Nd4 Qg5 29. Re1 Qf6 30. Nf5 Rf8 31. Rf1 Rh7 32. Qg2 c5 33. Nh4
Qd4+ 34. Kh1 Rhf7 35. Ng6+ Kg8 36. Nxf8 e3 37. Qxb7 Rxb7 0-1

[Event "Sydney International Open"]
[Site "Parramatta, NSW"]
[Date "2010.04.11"]
[Round "9.38"]
[White "Lester, George"]
[Black "Barisic, Frank"]
[Result "1-0"]
[WhiteElo "1887"]
[BlackElo "1833"]
[PlyCount "101"]
[EventDate "2010.04.07"]
[EventType "swiss"]
[EventRounds "9"]
[EventCountry "AUS"]
[SourceDate "2010.04.07"]

1. d4 d5 2. c4 dxc4 3. Nf3 Nf6 4. e3 e6 5. Bxc4 Bb4+ 6. Bd2 Bd6 7. Nc3 c6 8. e4
b5 9. Bd3 Be7 10. e5 Nd5 11. Ne4 Nd7 12. O-O O-O 13. Nfg5 h6 14. Qh5 Qe8 15.
Qh3 Bxg5 16. Bxg5 f5 17. Nd6 Qg6 18. Bd2 Qg4 19. Qxg4 fxg4 20. Rac1 Nb8 21.
Nxc8 Rxc8 22. Bxb5 a6 23. Be2 h5 24. f3 gxf3 25. Bxf3 g6 26. g4 hxg4 27. Bxg4
Re8 28. Rf3 Ra7 29. Rb3 Nc7 30. Ba5 Nb5 31. Bb6 Rd7 32. Rc4 Kg7 33. a4 Nc7 34.
Ba7 Nb5 35. Bxb8 Rxb8 36. axb5 cxb5 37. Rcb4 Rb6 38. Rd3 a5 39. Rbb3 b4 40. Rd2
a4 41. Rbd3 Ra7 42. Rd1 a3 43. Ra1 Rba6 44. bxa3 bxa3 45. Bxe6 Rxe6 46. Rdxa3
Rf7 47. Ra7 Rxa7 48. Rxa7+ Kh6 49. Kf2 Kg5 50. Kf3 Rb6 51. Ke4 1-0

[Event "Sydney International Challengers"]
[Site "Parramatta, NSW"]
[Date "2010.04.07"]
[Round "1.1"]
[White "Reynolds, Paul"]
[Black "Pan, Andrew"]
[Result "1-0"]
[WhiteElo "1443"]
[BlackElo "1741"]
[PlyCount "67"]
[EventDate "2010.04.07"]
[EventType "swiss"]
[EventRounds "9"]
[EventCountry "AUS"]
[SourceDate "2010.04.07"]

1. c4 c6 2. d4 d5 3. e3 Nf6 4. Nc3 e6 5. Nf3 Nbd7 6. Be2 Bd6 7. O-O O-O 8. Qc2
Qc7 9. c5 Be7 10. e4 dxe4 11. Nxe4 e5 12. Nxf6+ Bxf6 13. Ng5 g6 14. Ne4 Bg7 15.
Bg5 f6 16. Bc4+ Kh8 17. Bh4 exd4 18. Bg3 Ne5 19. Rad1 Bf5 20. Rxd4 Rfd8 21.
Rfd1 Rxd4 22. Rxd4 Qe7 23. Bxe5 Qxe5 24. Qd1 Re8 25. Bf7 Rf8 26. Nd6 Bc2 27.
Qd2 f5 28. Rb4 Be4 29. Rxb7 Qxc5 30. Be6 h6 31. Nf7+ Kh7 32. Qxh6+ Bxh6 33.
Ng5+ Kh8 34. Rh7# 1-0

[Event "Sydney International Challengers"]
[Site "Parramatta, NSW"]
[Date "2010.04.07"]
[Round "1.2"]
[White "Weller, Tony"]
[Black "Behar, Joshua"]
[Result "1-0"]
[WhiteElo "1708"]
[BlackElo "1423"]
[PlyCount "217"]
[EventDate "2010.04.07"]
[EventType "swiss"]
[EventRounds "9"]
[EventCountry "AUS"]
[SourceDate "2010.04.07"]

1. d4 d5 2. e3 Nf6 3. Bd3 c6 4. f4 Bg4 5. Nf3 Nbd7 6. h3 Bxf3 7. Qxf3 e6 8. O-O
Bd6 9. Nd2 O-O 10. e4 dxe4 11. Nxe4 Nxe4 12. Qxe4 Nf6 13. Qf3 Be7 14. c3 h6 15.
f5 exf5 16. Bxf5 Qd5 17. Qd3 Rad8 18. Be3 c5 19. c4 Qc6 20. d5 Qb6 21. b3 Bd6
22. Rf3 Qc7 23. g4 Be5 24. Raf1 Rfe8 25. g5 hxg5 26. Bxg5 Bd4+ 27. Kg2 Nh5 28.
Bxd8 Qxd8 29. Bg4 Nf6 30. Rf4 Re3 31. Qf5 Re5 32. Qc8 Qxc8 33. Bxc8 Re2+ 34.
Kh1 Be5 35. R4f2 Re3 36. Rf3 Re2 37. a4 Ne4 38. Rd1 Nd6 39. Bf5 Bd4 40. Bd3 Re7
41. Kg2 g6 42. Kf1 Kg7 43. Re1 Rxe1+ 44. Kxe1 Be5 45. Ke2 f5 46. Re3 Kf6 47.
Kf3 g5 48. Re1 b6 49. Rh1 Nf7 50. Rf1 Nd6 51. Ke2 Bg3 52. a5 Be5 53. axb6 axb6
54. Kf3 Bd4 55. Re1 Be5 56. Re2 Nb7 57. Ra2 Na5 58. Bc2 Bd4 59. Bd1 Be5 60. Ke3
Bd4+ 61. Kd3 Be5 62. Rf2 Nb7 63. Bg4 Bf4 64. Bh5 Na5 65. h4 Nxb3 66. hxg5+ Kxg5
67. Kc3 Nd4 68. Be8 Be5 69. Kd3 Bg3 70. Rb2 Bc7 71. Rg2+ Kf4 72. Rg7 Bd6 73.
Rb7 Ke5 74. Rxb6 f4 75. Bh5 Nf5 76. Rb1 Ne3 77. Rg1 Nf5 78. Rg6 Nd4 79. Bg4 Be7
80. Ra6 Bd6 81. Ra1 Kf6 82. Ke4 Ke7 83. Ra7+ Kf6 84. Bh5 Kg5 85. Rd7 Nf5 86.
Be2 Ng3+ 87. Kf3 Be5 88. Bd3 Kf6 89. Ra7 Bd6 90. Rh7 Be5 91. Rh6+ Kf7 92. Rc6
Bd4 93. Kxf4 Nh5+ 94. Kg5 Nf6 95. Rc7+ Ke8 96. Bf5 Kd8 97. Rf7 Ne8 98. d6 Be3+
99. Kg6 Nxd6 100. Rd7+ Ke8 101. Rxd6 Bd4 102. Be4 Ke7 103. Rxd4 cxd4 104. Bd3
Ke6 105. Kg5 Ke5 106. Kg4 Kd6 107. Kf4 Kc6 108. Ke4 Kc5 109. Ke5 1-0

[Event "Sydney International Challengers"]
[Site "Parramatta, NSW"]
[Date "2010.04.07"]
[Round "1.3"]
[White "Stahnke, Axel"]
[Black "Ali, Mosaddeque"]
[Result "0-1"]
[WhiteElo "1412"]
[BlackElo "1690"]
[PlyCount "94"]
[EventDate "2010.04.07"]
[EventType "swiss"]
[EventRounds "9"]
[EventCountry "AUS"]
[SourceDate "2010.04.07"]

1. d4 f5 2. c4 Nf6 3. Nc3 d6 4. e3 g6 5. Bd3 Bg7 6. Nge2 Nc6 7. Bd2 e5 8. d5
Ne7 9. O-O O-O 10. Rc1 a6 11. b4 b6 12. Qb3 Kh8 13. f3 Qe8 14. Be1 g5 15. Bf2
Bb7 16. e4 f4 17. c5 bxc5 18. bxc5 Rb8 19. Qa3 Qh5 20. cxd6 cxd6 21. Qxd6 Ng6
22. Qe6 g4 23. Qf5 Qh6 24. fxg4 Bc8 25. g5 Qh5 26. gxf6 Bxf5 27. fxg7+ Kxg7 28.
exf5 Nh4 29. Nxf4 exf4 30. Bd4+ Kf7 31. Rxf4 Rg8 32. Bc4 Rxg2+ 33. Kf1 Rc8 34.
Bf2 Qg5 35. d6+ Rxc4 36. Rxc4 Qxc1+ 37. Ke2 Rxf2+ 38. Kxf2 Qc2+ 39. Ke3 Nxf5+
40. Kf4 Nxd6 41. Rc7+ Ke6 42. Ke3 Nf5+ 43. Kf3 Qxh2 44. Rc6+ Kd7 45. Rc5 Qg3+
46. Ke4 Qe3+ 47. Kd5 Qd4# 0-1

[Event "Sydney International Challengers"]
[Site "Parramatta, NSW"]
[Date "2010.04.07"]
[Round "1.4"]
[White "Stahnke, Alexander"]
[Black "Hannagan, Peter"]
[Result "1-0"]
[WhiteElo "1800"]
[BlackElo "1401"]
[PlyCount "77"]
[EventDate "2010.04.07"]
[EventType "swiss"]
[EventRounds "9"]
[EventCountry "AUS"]
[SourceDate "2010.04.07"]

1. d4 d5 2. c4 dxc4 3. e3 b5 4. Nc3 c6 5. Nxb5 cxb5 6. Qf3 Nc6 7. Qxc6+ Bd7 8.
Qf3 Nf6 9. Bd2 e6 10. a4 Be7 11. axb5 Bxb5 12. Bxc4 Bd7 13. Ne2 O-O 14. O-O Qc7
15. Rfc1 Qb6 16. Ba5 Qxb2 17. Rab1 Qa3 18. Bb4 Bxb4 19. Ra1 Qb2 20. Ra2 Qxc1+
21. Nxc1 a5 22. Nd3 Rac8 23. Ne5 Bb5 24. Bxb5 Rc1+ 25. Bf1 Rfc8 26. Nd3 Rb1 27.
Nxb4 Rxb4 28. Rxa5 h6 29. Ra8 Rxa8 30. Qxa8+ Kh7 31. Bd3+ g6 32. h3 Kg7 33. Qa5
Rb3 34. Bc2 Rb2 35. Qc3 Rb7 36. e4 h5 37. d5 Rd7 38. Bb3 exd5 39. e5 1-0

[Event "Sydney International Challengers"]
[Site "Parramatta, NSW"]
[Date "2010.04.07"]
[Round "1.5"]
[White "Dale, Ari"]
[Black "Canfell, Mike J"]
[Result "1-0"]
[WhiteElo "1388"]
[BlackElo "1587"]
[PlyCount "79"]
[EventDate "2010.04.07"]
[EventType "swiss"]
[EventRounds "9"]
[EventCountry "AUS"]
[SourceDate "2010.04.07"]

1. d4 Nf6 2. c4 g6 3. Nf3 Bg7 4. g3 O-O 5. Bg2 d6 6. O-O Nbd7 7. Nc3 e5 8. Bg5
h6 9. Bd2 Re8 10. dxe5 dxe5 11. e4 c6 12. Qc2 a5 13. b3 Nc5 14. Rad1 Qc7 15.
Be3 Bf8 16. Bc1 Bg4 17. h3 Bxf3 18. Bxf3 Red8 19. Bg2 Ne6 20. Ne2 Kg7 21. Bb2
Nd7 22. f4 Bc5+ 23. Kh1 f6 24. f5 Nef8 25. fxg6 Nxg6 26. Rf3 Be7 27. Rdf1 Ndf8
28. h4 Qd7 29. Bc1 Ne6 30. Be3 Nd4 31. Nxd4 exd4 32. Bd2 Ne5 33. Rf5 Qe8 34. g4
Nxg4 35. Bf3 Ne3 36. Rg1+ Kh7 37. Bxe3 dxe3 38. e5 Rd2 39. Qe4 Kh8 40. Qxe3 1-0

[Event "Sydney International Challengers"]
[Site "Parramatta, NSW"]
[Date "2010.04.07"]
[Round "1.6"]
[White "Dickson, Ian"]
[Black "Tracey, Michael"]
[Result "1-0"]
[WhiteElo "1537"]
[BlackElo "1370"]
[PlyCount "61"]
[EventDate "2010.04.07"]
[EventType "swiss"]
[EventRounds "9"]
[EventCountry "AUS"]
[SourceDate "2010.04.07"]

1. e4 c5 2. Nf3 e6 3. Nc3 a6 4. d3 Nc6 5. g3 d6 6. Bg2 Be7 7. O-O Nf6 8. b3 Qc7
9. Bb2 Bd7 10. a4 Rc8 11. Qe2 O-O 12. Rac1 h6 13. Nd1 b5 14. axb5 axb5 15. c4
b4 16. d4 Rfe8 17. Qd3 Ra8 18. Ra1 Ra7 19. Ne3 Rea8 20. Rfd1 Rxa1 21. Rxa1
Rxa1+ 22. Bxa1 Qa5 23. Nc2 Qc7 24. d5 exd5 25. exd5 Na5 26. Nd2 Qc8 27. Ne3 g6
28. f4 Ng4 29. Bf3 Nxe3 30. Qxe3 h5 31. Qxe7 1-0

[Event "Sydney International Challengers"]
[Site "Parramatta, NSW"]
[Date "2010.04.07"]
[Round "1.7"]
[White "Ross, Bill"]
[Black "Chen, Vincent"]
[Result "1/2-1/2"]
[WhiteElo "1345"]
[BlackElo "1439"]
[PlyCount "59"]
[EventDate "2010.04.07"]
[EventType "swiss"]
[EventRounds "9"]
[EventCountry "AUS"]
[SourceDate "2010.04.07"]

1. e4 c5 2. Nc3 e6 3. f4 d5 4. Bb5+ Bd7 5. Bxd7+ Qxd7 6. Nf3 Be7 7. O-O dxe4 8.
Nxe4 Nf6 9. Nxf6+ Bxf6 10. d3 Nc6 11. Rb1 Rd8 12. Be3 b6 13. a3 O-O 14. Qe1
Rfe8 15. Qg3 e5 16. fxe5 Nxe5 17. Nxe5 Bxe5 18. Qf3 Re6 19. Bd2 f6 20. b3 Rde8
21. Kh1 Qd6 22. h3 Bd4 23. Rfe1 Qe7 24. Rxe6 Qxe6 25. Re1 Qxe1+ 26. Bxe1 Rxe1+
27. Kh2 Bg1+ 28. Kh1 Bd4+ 29. Kh2 Bg1+ 30. Kh1 1/2-1/2

[Event "Sydney International Challengers"]
[Site "Parramatta, NSW"]
[Date "2010.04.07"]
[Round "1.8"]
[White "Eustace, Sophie"]
[Black "Ansell, John"]
[Result "1-0"]
[WhiteElo "1451"]
[BlackElo "1321"]
[PlyCount "85"]
[EventDate "2010.04.07"]
[EventType "swiss"]
[EventRounds "9"]
[EventCountry "AUS"]
[SourceDate "2010.04.07"]

1. e4 d6 2. d4 Nf6 3. Nc3 g6 4. Nf3 Bg7 5. h3 O-O 6. Bc4 Nxe4 7. Nxe4 d5 8. Bd3
dxe4 9. Bxe4 c5 10. dxc5 Qa5+ 11. Qd2 Qxc5 12. c3 Nc6 13. Qe3 Qd6 14. O-O Be6
15. Qf4 Qd7 16. Be3 Rfd8 17. Bc2 Bd5 18. Rfd1 e6 19. c4 Bxb2 20. Rab1 Bg7 21.
cxd5 exd5 22. Bb3 d4 23. Bc1 Qe7 24. Bb2 Qf6 25. Qg4 Qd6 26. Ng5 Rd7 27. Ne4
Qc7 28. Rbc1 Rad8 29. Qf3 Qb8 30. Nf6+ Bxf6 31. Qxf6 Qd6 32. Qxd6 Rxd6 33. Ba3
R6d7 34. Ba4 Rc8 35. Rd3 a6 36. Bb2 b5 37. Bb3 Rcd8 38. Rxc6 a5 39. Rb6 a4 40.
Bd1 Rd5 41. Bf3 Rc5 42. Rxd4 Rxd4 43. Bxd4 1-0

[Event "Sydney International Challengers"]
[Site "Parramatta, NSW"]
[Date "2010.04.07"]
[Round "1.9"]
[White "Weltner, Michael"]
[Black "Wan, Dennis"]
[Result "0-1"]
[WhiteElo "1303"]
[BlackElo "1537"]
[PlyCount "42"]
[EventDate "2010.04.07"]
[EventType "swiss"]
[EventRounds "9"]
[EventCountry "AUS"]
[SourceDate "2010.04.07"]

1. e4 d6 2. d4 Nf6 3. Bd3 g6 4. c4 Bg7 5. Nc3 O-O 6. Nf3 e5 7. d5 Nbd7 8. h3 a5
9. Be3 b6 10. O-O Nc5 11. Bxc5 bxc5 12. Qd2 Nh5 13. Ne2 f5 14. a4 f4 15. Nc3 g5
16. Nh2 f3 17. Nxf3 Rxf3 18. Be2 Rxc3 19. Qxc3 Nf4 20. Bg4 Bxg4 21. hxg4 Ne2+
0-1

[Event "Sydney International Challengers"]
[Site "Parramatta, NSW"]
[Date "2010.04.07"]
[Round "1.10"]
[White "Plant, John Stuart"]
[Black "Beahan, Patrick"]
[Result "1-0"]
[WhiteElo "1700"]
[BlackElo "1301"]
[PlyCount "153"]
[EventDate "2010.04.07"]
[EventType "swiss"]
[EventRounds "9"]
[EventCountry "AUS"]
[SourceDate "2010.04.07"]

1. e4 e5 2. d3 Nf6 3. Nf3 Nc6 4. Nbd2 d5 5. c3 Bg4 6. Be2 dxe4 7. dxe4 Bc5 8.
Qc2 O-O 9. O-O Qe7 10. b4 Bd6 11. Nc4 Rfd8 12. Bg5 h6 13. Bh4 Bxf3 14. Bxf3 g5
15. Bg3 Qe6 16. Ne3 Ne7 17. h4 g4 18. Be2 h5 19. Bc4 Qd7 20. Rad1 Qc6 21. f3
Qb6 22. Qf2 Ng6 23. fxg4 Nf4 24. Bd3 Nxg4 25. Nxg4 hxg4 26. Qxb6 axb6 27. Bc4
b5 28. Bb3 c5 29. Bxf4 exf4 30. bxc5 Bxc5+ 31. Kh1 Be3 32. Bd5 g3 33. Rb1 Ra6
34. Rbe1 Rh6 35. Rxe3 Rxh4+ 36. Kg1 fxe3 37. Re1 Kg7 38. Rxe3 Rdh8 39. Rxg3+
Kf6 40. Rf3+ Kg5 41. Rxf7 Rh1+ 42. Kf2 Rc1 43. Rf3 Rc2+ 44. Kg3 Rd2 45. Bxb7
Rxa2 46. Rf5+ Kh6 47. Rf6+ Kg5 48. Rb6 Ra3 49. Rxb5+ Kf6 50. Rc5 Rg8+ 51. Kf3
Rg7 52. Bd5 Ra1 53. Rc6+ Kg5 54. c4 Ra3+ 55. Ke2 Kh4 56. e5 Ra2+ 57. Kd3 Rg4
58. e6 Ra3+ 59. Kc2 Rf4 60. Bf3 Re3 61. Kd2 Re5 62. Rd6 Rxc4 63. Kd3 Rcc5 64.
Kd4 Ra5 65. Rd5 Raxd5+ 66. Bxd5 Re2 67. Be4 Rd2+ 68. Ke5 Rd8 69. e7 Re8 70. Ke6
Kg3 71. Kf7 Rxe7+ 72. Kxe7 Kf4 73. Bf3 Kg5 74. Ke6 Kf4 75. Kf6 Kg3 76. Kf5 Kh4
77. g4 1-0

[Event "Sydney International Challengers"]
[Site "Parramatta, NSW"]
[Date "2010.04.07"]
[Round "1.11"]
[White "Zhou, Thomas"]
[Black "Chibnall, Alana"]
[Result "1-0"]
[WhiteElo "1271"]
[BlackElo "1513"]
[PlyCount "85"]
[EventDate "2010.04.07"]
[EventType "swiss"]
[EventRounds "9"]
[EventCountry "AUS"]
[SourceDate "2010.04.07"]

1. e4 e5 2. Nf3 Nc6 3. Bb5 a6 4. Ba4 Nf6 5. d3 b5 6. Bb3 Be7 7. O-O d6 8. h3
O-O 9. Nc3 Na5 10. Re1 Nxb3 11. axb3 Bb7 12. Bg5 b4 13. Bxf6 Bxf6 14. Nd5 Bxd5
15. exd5 Re8 16. Qd2 Qb8 17. Re4 a5 18. Rae1 Qb5 19. c4 bxc3 20. Qxc3 Qxd5 21.
d4 Rab8 22. dxe5 dxe5 23. Nxe5 Rxb3 24. Qxc7 Rb7 25. Nd7 Rf8 26. Nxf6+ gxf6 27.
Qg3+ Kh8 28. Re8 Qc5 29. Qf3 Rb6 30. Qa8 Rxe8 31. Rxe8+ Kg7 32. Rg8+ Kh6 33.
Qe4 Rb4 34. Qf3 Qe5 35. Qa3 Qe1+ 36. Kh2 Qxf2 37. Qxa5 Rxb2 38. Qa8 Qf4+ 39.
Rg3 Qd6 40. Qg8 Qf4 41. Qg7+ Kh5 42. Qxf7+ Kh6 43. Qg7+ 1-0

[Event "Sydney International Challengers"]
[Site "Parramatta, NSW"]
[Date "2010.04.07"]
[Round "1.12"]
[White "Bleicher, Horst"]
[Black "Nakauchi, Kenji"]
[Result "0-1"]
[WhiteElo "1442"]
[BlackElo "1262"]
[PlyCount "72"]
[EventDate "2010.04.07"]
[EventType "swiss"]
[EventRounds "9"]
[EventCountry "AUS"]
[SourceDate "2010.04.07"]

1. e4 e6 2. d4 d5 3. Nd2 Nf6 4. e5 Nfd7 5. Ngf3 c5 6. c3 a6 7. a4 Nc6 8. Bd3
Be7 9. O-O O-O 10. Bb1 Qb6 11. Nb3 Re8 12. a5 Qc7 13. Re1 cxd4 14. cxd4 Bb4 15.
Bd2 Bxd2 16. Qxd2 Ne7 17. Rc1 Qd8 18. Rc3 f6 19. Bxh7+ Kxh7 20. Ng5+ fxg5 21.
Qxg5 Ng8 22. Rh3+ Nh6 23. Qg3 Nf8 24. Qd3+ Kh8 25. Re1 Bd7 26. Qd2 Re7 27. g4
Kg8 28. Qg5 Rf7 29. Qh5 Be8 30. g5 Rf5 31. Rg3 Bxh5 32. gxh6 Rg5 33. Ree3 Rxg3+
34. Rxg3 Bg6 35. hxg7 Kxg7 36. f4 Kf7 0-1

[Event "Sydney International Challengers"]
[Site "Parramatta, NSW"]
[Date "2010.04.07"]
[Round "1.13"]
[White "Bortsova, Natasha"]
[Black "Wan, Kinto"]
[Result "0-1"]
[WhiteElo "1247"]
[BlackElo "1538"]
[PlyCount "74"]
[EventDate "2010.04.07"]
[EventType "swiss"]
[EventRounds "9"]
[EventCountry "AUS"]
[SourceDate "2010.04.07"]

1. d4 Nf6 2. c4 e5 3. dxe5 Ng4 4. Nf3 Nc6 5. Bf4 Bb4+ 6. Nbd2 Qe7 7. e3 Ngxe5
8. Nxe5 Nxe5 9. Be2 O-O 10. O-O Bxd2 11. Qxd2 d6 12. Rfd1 Bf5 13. Rac1 Rfd8 14.
Qb4 b6 15. Bxe5 Qxe5 16. Rd5 Qe6 17. Rcd1 Be4 18. R5d2 Bc6 19. Qc3 Re8 20. b4
a5 21. a3 axb4 22. axb4 Qe5 23. Qxe5 Rxe5 24. b5 Bb7 25. Rd3 f5 26. Bf3 Bxf3
27. gxf3 Kf7 28. Rd5 Ke6 29. R1d4 Ra1+ 30. Kg2 Rc1 31. e4 Rxd5 32. cxd5+ Ke5
33. Rb4 f4 34. h4 Kf6 35. Kh3 Rh1+ 36. Kg4 h5+ 37. Kxh5 g5 0-1